000 01291nam a2200265 a 4500
001 BRCA_8589
005 20190320210335.0
008 220816s1695----gw-#######---#000-0#ger-#
041 _ager
044 _agw
050 4 _aG1922
_b.J64
_c1695
245 1 0 _aPoliologia, das ist
_baccurate beschreibung aller vornehmsten in der ganzen welt befindlichen städten, schlössern, und vestungen co mol mas ihre crbauung fortification religion herrschafft und regierungs form als auch die van ihrem ursprung an bis aus gegenmartigezeit sich ereignete kriege und friedens freud und leid betreffende bege benheiten betrisst.
260 _aNurnberg
_bBerlegts johann leonhard bugget
_c1695
300 _a1 vol. (con varias paginaciones)
_c17 cm
500 _aFondo antiguo
500 _aSe encuentra en Caja Fuerte
500 _aW-142
500 _aCon Ex-libris de: Franz Mayer
500 _aEstado físico: portada desprendida, encuadernación deteriodada
500 _aNota de encuadernación: en piel con cartón, una de las tapas se encuentra desprendida de la encuadernación, lomo desgastado, guarda desprendida
506 0 _aFondo reservado: para su consulta es necesario credencial de usuario y carta de motivos
650 1 4 _aGeografía
_919627
902 _aLAR
942 _2lcc
_cB
999 _c8252
_d8252